| 000 | 00552nam a22001817a 4500 | ||
|---|---|---|---|
| 999 |
_c191041 _d191041 |
||
| 005 | 20220817165024.0 | ||
| 010 | _aENG-134475 | ||
| 020 |
_a9789386473134 _c250.00 |
||
| 035 | _aEN-118007 | ||
| 037 | _bDBAD/PUB | ||
| 082 | _a361.10954 | ||
| 100 | _aKoul, Bill K | ||
| 245 |
_aIssues White-Anting India: _bAs an NRI sees it/ _cBill K Koul |
||
| 260 |
_aNew Delhi _bVitasta Publishing Pvt. Ltd _c2017 |
||
| 270 |
_a2/15, Ansari Road, Daryaganj _bNew Delhi _e110002 |
||
| 300 |
_a145p. _c22cm(pbk) |
||
| 942 |
_2ddc _cEN _h361.10954 _mKOU |
||